000 005320000a22001810004500
003 MACL
005 20160127142855.0
008 160127b xxu||||| |||| 00| 0 eng d
040 _aMACL
_cMACL
041 _aHindi
082 _a340.2945/MOR
100 _aडॉ आर आर मौर्य
_934701
245 _aहिन्‍दू विधि
260 _bसेण्‍ट्रल लॉ एजेन्‍सी
_c1996
_aइलाहाबाद
350 _a80
650 _aLaw
_934702
942 _cHIN
_k340.294
_2ddc
999 _c30775
_d30775